00980cam a2200253 a 450000100060000000300080000600500170001400800410003103500190007204000320009104100080012308200260013110000530015724500630021025000120027326000630028530000550034850400510040361000310045465100580048565100520054365100420059585600890063724674BD-RjUL20211209001101.0140315r19721962enkb b 001 0 eng d a(BD-RjUL)24743 aDLCcDLCdDLCdBD-RjULbeng aeng00a941.081220bWOA 19711 aWoodward, E. L.q(Ernest Llewellyn),d1890-1971.14aThe age of reform, 1815-1870 /cby Sir Llewellyn Woodward. a2nd ed. aOxford :bOxford University Press,c1962 [Reprinted 1972] axviii, 681 p., [2] folded leaves :bmaps ;c23 cm. aIncludes bibliographical references and index.10aGreat Britain.bParliament 0aGreat BritainxPolitics and governmenty19th century. 0aGreat BritainxSocial conditionsy19th century. 0aGreat BritainxHistoryy19th century.423Publisher descriptionuhttp://www.loc.gov/catdir/enhancements/fy0635/92006488-d.html